Bands by Band Members (Multiple Choice) - Statistics

General Stats
  • This quiz has been taken 146 times
    125 since last reset
  • The average score is 10 of 11
Answer Stats
Question Answer % Correct
Angus Young AC/DC
100%
Gene Simmons KISS
100%
Freddie Mercury Queen
100%
John Lennon The Beatles
100%
Mick Jaggar The Rolling Stones
100%
Bono U2
100%
Joe Perry Aerosmith
90%
Jon Bon Jovi Bon Jovi
90%
Robert Plant Led Zeppelin
90%
Sting The Police
90%
Roger Waters Pink Floyd
80%
No matching quizzes found
Score Distribution
Percent of People with Each Score
Percentile by Number Answered
Your Score History
You have not taken this quiz since the last reset